000 00302nam a22001337a 4500
008 170817b xxu||||| |||| 00| 0 eng d
020 _a2900495991327
041 _aeng
080 _a51
100 _a36
101 _aMAT
245 _aCALCULUS EARLY TRANSCENDENTALS
_cKENTUCKY.N
942 _2udc
_cBK
999 _c23856
_d23856